On cherche : Minecraft - Statistiques

Statistiques générales
  • Ce quiz a été pris 163 fois
  • Le résultat moyen est 6 sur 15
Statistiques - réponses
Question Réponse % Correct
On cherche : Un biome, possédant un type de bois et un village spécifique à lui, son bois est de couleur orange. C'est un biome chaud. Savane
59%
On cherche : Une structure, petite, pouvant avoir un passage secret emmenant à une zone d'expérimentation avec des villageois, il est fait généralement froid. Igloo
57%
On cherche : Un biome, voyant apparaitre quelques animaux rares tels que les perroquets ou les pandas ainsi que quelques plantes rares telle que le cacao ou les pastèques. Jungle
55%
On cherche : Une structure, fais de bois, se trouvant dans un certain type de forêt, abritant des mobs hostiles aux villageois et aux joueurs Manoir
53%
On cherche : Un mob, volant, chiant. Pourquoi vous avez voté pour lui ? Son loot permet de réparer les élytres. Phantom
52%
On cherche : Un mob, crachant des boules flottantes faisant flotter, lootant un ingrédient très utile pour stocker. Shulker
51%
On cherche : Un bloc, décoratif, utilisé afin d'exposer des plantes, se craftant avec de l'argile. Pot de fleur
48%
On cherche : Un bloc, chaud, pouvant nous tuer si l'on reste trop longtemps dessus. Bloc de magma
47%
On cherche : Un bois, d'un arbre pouvant apparaître en 1x1 ou en 2x2, s'il apparait en 2x2, la terre en dessous devient du podzol. Sapin
41%
On cherche : Une plante, violette, pouvant téléporter celui qui la mange. Chorus
40%
On cherche : Un bois, de couleur assez chaude, se trouvant dans des biomes marécageux. Mangrove
40%
On cherche : Un bloc, pouvant être trouvé dans le Nether, on peut en faire 2 variantes, mais n'ayant pas de dalles ni d'escaliers, de couleur gris, une de ses variantes se trouvent dans l'Overworld autour de géodes. Basalt
32%
On cherche : Un mob, ayant un jumeau maléfique, peut se trouver dans la structure du dessus, bleu, peut être dupliqué si on le fait danser avec un item en main Allay
31%
On cherche : Un mob, petit, pouvant à la fois vivre dans l'eau et à la surface, existe en 5 coloris, mais l'une d'elle est extrêmement rare, pouvant être attrapé dans un seau. Axololt
22%
On cherche : Un mob, pouvant être équipé d'une selle, possède 2 pattes et est de couleur rouge. Arpenteur
16%
Aucun quiz correspondant
Distribution des résultats
% des personnes avec chaque résultat
Percentile par nombre de réponses
Votre historique - résultats
Vous n’avez pas pris ce quiz